[Event "Befana SSM B"]
[Site "Milano ITA"]
[Date "2014.01.05"]
[Round "5"]
[White "Santelli, Francesco"]
[Black "Poletto, Daniele"]
[WhiteElo "1798"]
[BlackElo "1760"]
[Result "1/2-1/2"]
[PlyCount "69"]
[EventDate "2014.01.02"]

1. e4 c5 2. Nf3 e6 3. d4 cxd4 4. Nxd4 a6 5. Nc3 Qc7 6. Bd3 Nc6 7. Nf3 Nf6 8. a3
b5 9. Qe2 Ne5 10. Nxe5 Qxe5 11. Be3 Qc7 12. O-O Bb7 13. f3 Bc5 14. Qf2 Bxe3 15.
Qxe3 Rc8 16. Kh1 O-O 17. Rae1 Qc5 18. Qf4 Nh5 19. Qd2 g6 20. Ne2 d5 21. exd5
Bxd5 22. c3 Rfd8 23. Qc2 Bb3 24. Qb1 Ba2 25. Qc2 Bb3 26. Qxb3 Rxd3 27. Qc2 Rcd8
28. Rd1 Rxd1 29. Rxd1 Rd5 30. Rxd5 Qxd5 31. Kg1 Qc5+ 32. Kf1 Qc4 33. Qd2 Qc7
34. g3 Nf6 35. Qd3 1/2-1/2

[Event "Befana SSM B"]
[Site "Milano ITA"]
[Date "2014.01.05"]
[Round "5"]
[White "Taccani Stella, Alberto"]
[Black "Baronio, Gaia"]
[WhiteElo "1380"]
[BlackElo "1613"]
[Result "0-1"]
[PlyCount "72"]
[EventDate "2014.01.02"]

1. d4 d5 2. Nf3 Nf6 3. Nbd2 Bf5 4. e3 e6 5. c3 c6 6. h3 h6 7. Ne5 Nbd7 8. Nxd7
Qxd7 9. g4 Bh7 10. Bg2 Bd6 11. Qe2 Bc7 12. Nb3 Bb6 13. c4 Rc8 14. c5 Bc7 15.
Bd2 Ne4 16. Bxe4 Bxe4 17. f3 Bh7 18. f4 Qe7 19. h4 Be4 20. Rh3 Qf6 21. Qf2 Qg6
22. Qg3 Qf6 23. Bc3 Qe7 24. Nd2 Bh7 25. Nb3 f6 26. Na5 Rb8 27. Nb3 g5 28. Ba5
gxf4 29. exf4 Bxa5+ 30. Nxa5 Qc7 31. b4 Rg8 32. f5 Qxg3+ 33. Rxg3 exf5 34. Re3+
Kf7 35. gxf5 Rg1+ 36. Kd2 Rxa1 0-1

[Event "Befana SSM B"]
[Site "Milano ITA"]
[Date "2014.01.05"]
[Round "5"]
[White "Villalba, Fernando"]
[Black "Riboldi, Raffaele"]
[WhiteElo "1856"]
[BlackElo "1895"]
[Result "1/2-1/2"]
[PlyCount "36"]
[EventDate "2014.01.02"]

1. d4 Nf6 2. Nf3 e6 3. Bf4 d5 4. e3 Be7 5. c3 h6 6. Be2 O-O 7. O-O b6 8. Nbd2
Bb7 9. c4 Nbd7 10. cxd5 exd5 11. Rc1 Rc8 12. a3 c5 13. dxc5 bxc5 14. Ne5 Nxe5
15. Bxe5 Qb6 16. Qb3 Nd7 17. Qxb6 axb6 18. Bc3 Bf6 1/2-1/2

[Event "Befana SSM B"]
[Site "Milano ITA"]
[Date "2014.01.06"]
[Round "6"]
[White "Alidosi, Marco"]
[Black "Rinaldo, Andrea"]
[WhiteElo "1775"]
[BlackElo "1748"]
[Result "1-0"]
[PlyCount "93"]
[EventDate "2014.01.02"]

1. Nf3 Nf6 2. d4 d5 3. c3 c6 4. Bf4 Bf5 5. e3 Nbd7 6. Nbd2 e6 7. Be2 Be7 8. h3
h6 9. O-O g5 10. Be5 Nxe5 11. Nxe5 Nd7 12. Nxd7 Qxd7 13. Bh5 Bd6 14. Re1 O-O-O
15. c4 Bg6 16. c5 Bc7 17. b4 Bxh5 18. Qxh5 f5 19. Qe2 Qe7 20. b5 g4 21. g3 gxh3
22. bxc6 bxc6 23. Qa6+ Kd7 24. Kh2 h5 25. Nf3 h4 26. Ne5+ Bxe5 27. dxe5 hxg3+
28. fxg3 Rc8 29. Qxa7+ Rc7 30. Qa5 Qg7 31. Qc3 Rg8 32. Rg1 Qg4 33. Rae1 Rb7 34.
Qc2 Qf3 35. Qe2 Qe4 36. Qh5 Rb2+ 37. Re2 Rxe2+ 38. Qxe2 Qxe5 39. Qa6 Qb2+ 40.
Kh1 Rb8 41. Qa7+ Rb7 42. Qa8 Rb8 43. Qa7+ Rb7 44. Qa8 h2 45. Rg2 Qa1+ 46. Kxh2
Qh8+ 47. Qxh8 1-0

[Event "Befana SSM B"]
[Site "Milano ITA"]
[Date "2014.01.06"]
[Round "6"]
[White "Baronio, Gaia"]
[Black "Pasini, Nicolo'"]
[WhiteElo "1613"]
[BlackElo "1434"]
[Result "1/2-1/2"]
[PlyCount "116"]
[EventDate "2014.01.02"]

1. e4 e5 2. Nf3 Nc6 3. Bb5 a6 4. Ba4 Nf6 5. O-O b5 6. Bb3 Nxe4 7. Re1 Nc5 8.
Nxe5 Nxe5 9. Rxe5+ Ne6 10. d4 Be7 11. c3 Bb7 12. Qg4 O-O 13. Bc2 d6 14. Qh3 g6
15. Re1 Bg5 16. Bxg5 Qxg5 17. Qg3 Qxg3 18. hxg3 Rae8 19. Nd2 c5 20. dxc5 dxc5
21. Ne4 Bxe4 22. Bxe4 Rd8 23. Rad1 Rxd1 24. Rxd1 Rd8 25. Rxd8+ Nxd8 26. Kf1 f5
27. Bd5+ Kf8 28. Ke2 Ke7 29. Ke3 g5 30. f4 h6 31. b4 Kd6 32. Bb3 Ne6 33. Bxe6
Kxe6 34. fxg5 hxg5 35. bxc5 Kd5 36. c6 Kxc6 37. g4 fxg4 38. Ke4 Kc5 39. Kf5 Kc4
40. Kxg4 Kxc3 41. Kxg5 Kb2 42. Kh6 Kxa2 43. g4 b4 44. g5 b3 45. g6 b2 46. g7
b1=Q 47. g8=Q+ Qb3 48. Qg2+ Ka3 49. Qc6 Qb5 50. Qc3+ Ka4 51. Qa1+ Kb4 52. Qb2+
Ka5 53. Qa2+ Kb6 54. Qf2+ Kc7 55. Qg3+ Kb6 56. Qf2+ Qc5 57. Qb2+ Kc6 58. Qg2+
Kd6 1/2-1/2

[Event "Befana SSM B"]
[Site "Milano ITA"]
[Date "2014.01.06"]
[Round "6"]
[White "Canciani, Alberto"]
[Black "Macri', Vincenzo Roberto"]
[WhiteElo "1598"]
[BlackElo "1560"]
[Result "1-0"]
[PlyCount "53"]
[EventDate "2014.01.02"]

1. e4 e5 2. Nf3 d5 3. exd5 e4 4. Qe2 Be7 5. Qxe4 Nf6 6. Qa4+ Bd7 7. Qb3 c6 8.
Qxb7 cxd5 9. Qxa8 Qc7 10. a4 O-O 11. c3 Bc6 12. Qxc6 Nxc6 13. Be2 Rb8 14. d4
Bd6 15. O-O Ne7 16. Na3 Ng6 17. Nb5 Qe7 18. Nxd6 Qxd6 19. g3 h5 20. Ne5 Ne4 21.
f3 Nf6 22. Nxg6 fxg6 23. Bf4 Qe6 24. Bxb8 Qxe2 25. Rf2 Qe3 26. Bxa7 h4 27. Bc5
$138 1-0

[Event "Befana SSM B"]
[Site "Milano ITA"]
[Date "2014.01.06"]
[Round "6"]
[White "Colica, Daniele"]
[Black "Neri, Angelo"]
[WhiteElo "1698"]
[BlackElo "1894"]
[Result "1-0"]
[PlyCount "71"]
[EventDate "2014.01.02"]

1. Nf3 f5 2. e4 fxe4 3. Ng5 Nf6 4. d3 g6 5. Nc3 Bg7 6. h4 h6 7. Ngxe4 d5 8.
Nxf6+ Bxf6 9. Qf3 c6 10. Be2 Be6 11. Qg3 Bf7 12. f4 Qd6 13. Qf2 Nd7 14. Bd2 b6
15. O-O-O O-O-O 16. d4 Qc7 17. Ba6+ Kb8 18. a3 b5 19. Na2 Qb6 20. Nb4 Bxd4 21.
Qxd4 c5 22. Nxd5 cxd4 23. Nxb6 Nxb6 24. Bxb5 Nc4 25. Rhe1 Nxd2 26. Rxd2 e6 27.
Red1 Rd5 28. Bc4 Rc5 29. Bb3 Rhc8 30. Rxd4 g5 31. hxg5 hxg5 32. fxg5 Rxg5 33.
Rb4+ Kc7 34. Rd3 Rxg2 35. Rc3+ Kd8 36. Rd4+ 1-0

[Event "Befana SSM B"]
[Site "Milano ITA"]
[Date "2014.01.06"]
[Round "6"]
[White "Colonetti, Fabio"]
[Black "Carli, Federico"]
[WhiteElo "1475"]
[BlackElo "1529"]
[Result "1/2-1/2"]
[PlyCount "32"]
[EventDate "2014.01.02"]

1. e4 e5 2. Nf3 Nc6 3. Bb5 a6 4. Ba4 Nf6 5. O-O Be7 6. Re1 d6 7. h3 b5 8. Bb3
Na5 9. c3 Bb7 10. Bc2 c5 11. d4 Qc7 12. d5 O-O 13. Nbd2 Rac8 14. b3 h6 15. Nf1
b4 16. c4 Ra8 1/2-1/2

[Event "Befana SSM B"]
[Site "Milano ITA"]
[Date "2014.01.06"]
[Round "6"]
[White "Corti, Filippo"]
[Black "Libutti, Michele"]
[WhiteElo "1599"]
[BlackElo "1727"]
[Result "1-0"]
[PlyCount "73"]
[EventDate "2014.01.02"]

1. Nf3 Nf6 2. g3 d5 3. Bg2 c6 4. d4 e6 5. Nbd2 Nbd7 6. O-O Be7 7. c4 O-O 8. Qc2
b6 9. Re1 Bb7 10. e4 dxe4 11. Ng5 Rb8 12. Ndxe4 Nxe4 13. Nxe4 Nf6 14. Bf4 Rc8
15. Rad1 h6 16. Qd2 Nxe4 17. Bxe4 Bg5 18. Bxg5 Qxg5 19. Qxg5 hxg5 20. d5 cxd5
21. cxd5 Bxd5 22. Bxd5 exd5 23. Rxd5 Rc2 24. Re7 Rxb2 25. Rxa7 Rc8 26. Rdd7 Rf8
27. Rd5 Rc8 28. Rxg5 g6 29. Rg4 Rc1+ 30. Kg2 Rcc2 31. Rf4 Rxa2 32. Raxf7 b5 33.
g4 Ra8 34. Rb7 Rc4 35. Rxc4 bxc4 36. Rc7 Ra4 37. f3 1-0

[Event "Befana SSM B"]
[Site "Milano ITA"]
[Date "2014.01.06"]
[Round "6"]
[White "Croso, Marco"]
[Black "Cagnotto, Marco"]
[WhiteElo "1861"]
[BlackElo "1514"]
[Result "1-0"]
[PlyCount "49"]
[EventDate "2014.01.02"]

1. d4 Nf6 2. c4 g6 3. Nc3 Bg7 4. e4 d6 5. f3 O-O 6. Be3 e5 7. d5 c6 8. Qd2 Na6
9. Nge2 Nc7 10. g4 c5 11. Ng3 a6 12. h4 Bd7 13. Bh6 b5 14. h5 Qe7 15. O-O-O b4
16. Nb1 a5 17. Be2 Ba4 18. Rdg1 Bd7 19. Nf5 Bxf5 20. gxf5 Kh8 21. hxg6 Rg8 22.
gxh7 Nxh7 23. Bxg7+ Rxg7 24. Rxg7 Kxg7 25. Qh6+ 1-0

[Event "Befana SSM B"]
[Site "Milano ITA"]
[Date "2014.01.06"]
[Round "6"]
[White "Fantina, Carla"]
[Black "Lavorgna, Francesco"]
[WhiteElo "1456"]
[BlackElo "1598"]
[Result "0-1"]
[PlyCount "110"]
[EventDate "2014.01.02"]

1. c4 Nf6 2. Nf3 g6 3. g3 Bg7 4. Bg2 d6 5. O-O O-O 6. d3 Nbd7 7. h3 e5 8. Nc3
a5 9. Rb1 c6 10. Bd2 Qc7 11. Qc1 Nc5 12. Bh6 Be6 13. Bxg7 Kxg7 14. Ng5 h6 15.
Nxe6+ Nxe6 16. h4 Nh5 17. Ne4 f5 18. Nd2 Nd4 19. Re1 f4 20. Nf3 fxg3 21. c5
gxf2+ 22. Kxf2 Qe7 23. Kg1 Nxf3+ 24. exf3 Qxh4 25. cxd6 Qd4+ 26. Qe3 Qxe3+ 27.
Rxe3 Kf6 28. Bh3 Nf4 29. Kh2 Nxh3 30. Kxh3 Rad8 31. b4 Rxd6 32. bxa5 Rf7 33.
Rb6 Kf5 34. Kg3 Rfd7 35. Rb3 Rd5 36. Ra3 R7d6 37. a6 bxa6 38. Rxa6 c5 39. Rxd6
Rxd6 40. a4 Ra6 41. Re4 g5 42. Rc4 Ra5 43. Kh3 h5 44. Kg3 Ke6 45. Kh3 Kd5 46.
Kg3 Ra6 47. Kh3 Rf6 48. Kg3 Rf4 49. a5 Rxc4 50. dxc4+ Kc6 51. Kf2 Kb7 52. Ke3
h4 53. Ke4 h3 54. Kxe5 h2 55. Kf5 h1=Q 0-1

[Event "Befana SSM B"]
[Site "Milano ITA"]
[Date "2014.01.06"]
[Round "6"]
[White "Giaretta, Fulvio"]
[Black "Manzotti, Francesco"]
[WhiteElo "1533"]
[BlackElo "1777"]
[Result "1-0"]
[PlyCount "77"]
[EventDate "2014.01.02"]

1. e4 c5 2. Nf3 e6 3. d4 cxd4 4. Nxd4 a6 5. c4 Qc7 6. Be2 b6 7. Be3 Bb7 8. Nc3
Nf6 9. Qd3 d6 10. f4 Nbd7 11. Bf3 Nc5 12. Qc2 Rc8 13. Rc1 Be7 14. O-O O-O 15.
b3 Rfd8 16. g4 Bf8 17. f5 d5 18. exd5 exd5 19. Nxd5 Nxd5 20. cxd5 Bxd5 21. b4
Bxf3 22. Nxf3 Qe7 23. Bxc5 bxc5 24. bxc5 Qe3+ 25. Kg2 Rxc5 26. Qb2 Rcd5 27. Rc2
Qf4 28. h3 Bd6 29. Kh1 Qg3 30. Ng1 Be5 31. Qb3 Rd3 32. Qb7 h5 33. Rg2 Qh4 34.
gxh5 Qxh5 35. Rf3 Rd1 36. Qe4 R8d4 37. Qxe5 f6 38. Qg3 Rd7 39. Kh2 1-0

[Event "Befana SSM B"]
[Site "Milano ITA"]
[Date "2014.01.06"]
[Round "6"]
[White "Lavorgna, Filippo"]
[Black "Santelli, Francesco"]
[WhiteElo "1725"]
[BlackElo "1798"]
[Result "1/2-1/2"]
[PlyCount "76"]
[EventDate "2014.01.02"]

1. d4 Nf6 2. c4 e5 3. d5 Bc5 4. Nc3 d6 5. e4 Bd7 6. Bd3 c6 7. h3 a5 8. Qb3 Na6
9. a3 Bd4 10. Nf3 a4 11. Qc2 cxd5 12. exd5 Nc5 13. Nxd4 exd4 14. Ne2 Nb3 15.
Rb1 Rc8 16. Qd1 O-O 17. O-O Qa5 18. Bf4 Qb6 19. Bg5 Qd8 20. Ng3 h6 21. Bxf6
Qxf6 22. Ne4 Qg6 23. Nc5 Bf5 24. Bxf5 Qxf5 25. Nxa4 Nc5 26. Nb6 Rce8 27. Qxd4
Re4 28. Qc3 Qg5 29. b4 Na6 30. Rbe1 Rfe8 31. Rxe4 Rxe4 32. Qd3 Qe5 33. f4 Rxf4
34. Rd1 Re4 35. Nd7 Qe7 36. c5 dxc5 37. d6 Qe6 38. bxc5 Re3 1/2-1/2

[Event "Befana SSM B"]
[Site "Milano ITA"]
[Date "2014.01.06"]
[Round "6"]
[White "Lunghi, Samuele"]
[Black "Taccani Stella, Alberto"]
[WhiteElo "1522"]
[BlackElo "1380"]
[Result "1/2-1/2"]
[PlyCount "59"]
[EventDate "2014.01.02"]

1. e4 d6 2. d4 Nf6 3. Nc3 c6 4. Bc4 b5 5. Bd3 Ba6 6. Bg5 Qd7 7. Nf3 Qg4 8. Bxf6
gxf6 9. O-O Rg8 10. Ne1 e5 11. Qxg4 Rxg4 12. f3 Rg5 13. dxe5 fxe5 14. a4 b4 15.
Bxa6 Nxa6 16. Ne2 O-O-O 17. Ng3 Kd7 18. Nd3 h5 19. Ne1 h4 20. Nf5 d5 21. Nxh4
Bc5+ 22. Kh1 Bd4 23. Rb1 Rh8 24. g3 Nc5 25. exd5 cxd5 26. b3 a5 27. Rd1 Rf8 28.
Nd3 Nxd3 29. cxd3 f5 30. Rc1 1/2-1/2

[Event "Befana SSM B"]
[Site "Milano ITA"]
[Date "2014.01.06"]
[Round "6"]
[White "Malescusi, Luciano"]
[Black "Villalba, Fernando"]
[WhiteElo "1881"]
[BlackElo "1856"]
[Result "1-0"]
[PlyCount "100"]
[EventDate "2014.01.02"]

1. c4 c5 2. b3 Nf6 3. Bb2 g6 4. Nf3 Bg7 5. g3 d6 6. Bg2 Nc6 7. O-O O-O 8. d3 e5
9. Nc3 a6 10. Rb1 Bd7 11. Nd2 Be6 12. Nde4 Nxe4 13. Nxe4 f5 14. Nc3 Rb8 15. Nd5
Ne7 16. Nc3 d5 17. e3 b6 18. Ne2 d4 19. exd4 exd4 20. Nf4 Bf7 21. Re1 Qd7 22.
Qf3 Rfe8 23. Re2 g5 24. Nd5 Nxd5 25. Rxe8+ Rxe8 26. cxd5 Re5 27. d6 Qxd6 28.
Qa8+ Bf8 29. Qxa6 Qe6 30. Rf1 Re1 31. Bc1 Rxf1+ 32. Kxf1 h6 33. h4 gxh4 34.
gxh4 Kg7 35. Qb7 Be7 36. Bf4 Bxh4 37. Bc7 Be7 38. Bxb6 Bh5 39. Bxc5 Qe2+ 40.
Kg1 Qe1+ 41. Bf1 Kf8 42. Qc8+ Be8 43. Qxf5+ Bf7 44. Bxd4 Qd2 45. Be3 Qxa2 46.
Bxh6+ Ke8 47. Qc8+ Bd8 48. Bg5 Qa5 49. Bxd8 Qxd8 50. Qxd8+ Kxd8 1-0

[Event "Befana SSM B"]
[Site "Milano ITA"]
[Date "2014.01.06"]
[Round "6"]
[White "Mingolla, Patrizio"]
[Black "Cavalieri, Riccardo"]
[WhiteElo "1624"]
[BlackElo "1576"]
[Result "1-0"]
[PlyCount "85"]
[EventDate "2014.01.02"]

1. e4 c5 2. Nf3 d6 3. Bb5+ Bd7 4. Bc4 Bc6 5. d3 e6 6. Nbd2 Be7 7. Qe2 Nd7 8. a3
b5 9. Bb3 Nb6 10. c4 a6 11. d4 bxc4 12. Bxc4 Nxc4 13. Nxc4 Bb5 14. a4 Bxc4 15.
Qxc4 d5 16. Qc2 Rc8 17. exd5 Qxd5 18. O-O Qb7 19. dxc5 Bxc5 20. Qe2 Nf6 21. Bf4
O-O 22. Be5 Be7 23. Rfd1 Rfd8 24. Rac1 Rxc1 25. Rxc1 Nd5 26. Qe4 Qb4 27. Rc4
Qa5 28. h3 Bd6 29. Bxd6 Rxd6 30. b4 Qd8 31. Rd4 h6 32. Qc2 Nf6 33. Rc4 Qe7 34.
Ne5 Nd5 35. Rc8+ Rd8 36. Nc6 Rxc8 37. Nxe7+ Nxe7 38. Qe2 Rb8 39. Qxa6 Rxb4 40.
Qd6 Nd5 41. a5 Ra4 42. a6 Nb4 43. a7 1-0

[Event "Befana SSM B"]
[Site "Milano ITA"]
[Date "2014.01.06"]
[Round "6"]
[White "Papa, Angelo"]
[Black "Lamperti, Gianloris "]
[WhiteElo "1760"]
[BlackElo "1614"]
[Result "1-0"]
[PlyCount "39"]
[EventDate "2014.01.02"]

1. d4 e6 2. c4 Nf6 3. Nf3 d5 4. cxd5 exd5 5. Nc3 c6 6. Bg5 Be7 7. Qc2 O-O 8. e3
Re8 9. Bd3 h6 10. Bh4 Nbd7 11. O-O Bd6 12. Rfe1 Nf8 13. e4 dxe4 14. Nxe4 Be7
15. Nxf6+ Bxf6 16. Bxf6 Rxe1+ 17. Rxe1 Qxf6 18. Re8 Qd6 19. Ne5 Rb8 20. Bh7+
1-0

[Event "Befana SSM B"]
[Site "Milano ITA"]
[Date "2014.01.06"]
[Round "6"]
[White "Piccapietra, Matteo"]
[Black "Lipari, Alberto"]
[WhiteElo "1464"]
[BlackElo "1535"]
[Result "0-1"]
[PlyCount "64"]
[EventDate "2014.01.02"]

1. e4 g6 2. d4 Bg7 3. Nf3 d6 4. Be3 Bg4 5. Be2 Nf6 6. h3 Bxf3 7. Bxf3 O-O 8.
Nc3 Nc6 9. Qd2 Ne8 10. O-O-O e5 11. d5 Nd4 12. Ne2 Nxf3 13. gxf3 c5 14. c4 f5
15. exf5 Rxf5 16. f4 Nf6 17. Ng3 exf4 18. Nxf5 fxe3 19. Nxe3 Ne4 20. Qc2 Qh4
21. Rhf1 Rf8 22. f3 Ng3 23. Qf2 Qf6 24. Rg1 Ne4 25. Ng4 Qf4+ 26. Qe3 Qxe3+ 27.
Nxe3 Rxf3 28. Rde1 Bh6 29. Rgf1 Bxe3+ 30. Kd1 Rxh3 31. Rh1 Nf2+ 32. Ke2 Nxh1
0-1

[Event "Befana SSM B"]
[Site "Milano ITA"]
[Date "2014.01.06"]
[Round "6"]
[White "Pirrello, Christian"]
[Black "Deghi, Donatello"]
[WhiteElo "1641"]
[BlackElo "1815"]
[Result "1/2-1/2"]
[PlyCount "37"]
[EventDate "2014.01.02"]

1. d4 Nf6 2. c4 e6 3. Nc3 Bb4 4. a3 Bxc3+ 5. bxc3 O-O 6. e3 d6 7. Bd3 b6 8. Ne2
Bb7 9. O-O Nbd7 10. Ng3 e5 11. e4 h6 12. f3 Re8 13. Nf5 Nf8 14. Qe1 Bc8 15. g4
Bxf5 16. gxf5 Kh7 17. Kh1 g5 18. Qg3 Nh5 19. Qg4 1/2-1/2

[Event "Befana SSM B"]
[Site "Milano ITA"]
[Date "2014.01.06"]
[Round "6"]
[White "Poletto, Daniele"]
[Black "Mazzoccoli, Simone"]
[WhiteElo "1760"]
[BlackElo "1766"]
[Result "1/2-1/2"]
[PlyCount "58"]
[EventDate "2014.01.02"]

1. c4 g6 2. Nc3 Bg7 3. g3 e5 4. e4 d6 5. Bg2 Nc6 6. Nge2 Nge7 7. O-O O-O 8. d3
Be6 9. h3 Qd7 10. Kh2 f5 11. Nd5 fxe4 12. dxe4 Na5 13. b3 Bxd5 14. cxd5 b6 15.
Bd2 Nb7 16. Rc1 Rac8 17. b4 b5 18. Rc2 c6 19. dxc6 Rxc6 20. Bg5 Rxc2 21. Qxc2
Rc8 22. Qb3+ Kh8 23. Qf7 Re8 24. Nc3 Nd8 25. Qb3 Ne6 26. Bxe7 Rxe7 27. Nd5 Rf7
28. Qc3 Rf8 29. Qe3 Kg8 1/2-1/2

[Event "Befana SSM B"]
[Site "Milano ITA"]
[Date "2014.01.06"]
[Round "6"]
[White "Primerano, Carlo"]
[Black "Marchioro, Luigi"]
[WhiteElo "1737"]
[BlackElo "1872"]
[Result "0-1"]
[PlyCount "86"]
[EventDate "2014.01.02"]

1. d4 d6 2. c4 e5 3. d5 f5 4. Nc3 Nf6 5. Qc2 Be7 6. e4 fxe4 7. Nxe4 Nxe4 8.
Qxe4 O-O 9. Bd2 Bf5 10. Qe3 Nd7 11. O-O-O Nc5 12. f3 c6 13. b4 Nd7 14. Bd3 cxd5
15. Bxf5 Rxf5 16. cxd5 Rf4 17. Kb1 Rc4 18. Ne2 Nb6 19. Qd3 Rac8 20. Rc1 Qd7 21.
Rxc4 Nxc4 22. Rc1 b5 23. Nc3 a6 24. Ne4 Qf5 25. Ka1 Qg6 26. Qe2 h6 27. Rc3 Bd8
28. g3 Bb6 29. Be3 Bxe3 30. Rxe3 Nxe3 31. Qxe3 Rc4 32. a3 Rd4 33. Qc3 Rxd5 34.
Qc8+ Kh7 35. Qxa6 Rd1+ 36. Kb2 d5 37. Qxg6+ Kxg6 38. Kc2 dxe4 39. Kxd1 exf3 40.
Kd2 Kf6 41. a4 bxa4 42. b5 Ke6 43. b6 Kd7 0-1

[Event "Befana SSM B"]
[Site "Milano ITA"]
[Date "2014.01.06"]
[Round "6"]
[White "Quagliarella, Sabino Remo"]
[Black "Nordio, Giorgio"]
[WhiteElo "1882"]
[BlackElo "1682"]
[Result "0-1"]
[PlyCount "38"]
[EventDate "2014.01.02"]

1. d4 c6 2. c4 d5 3. e3 Nf6 4. Nc3 Bf5 5. Qb3 Qb6 6. Nf3 e6 7. Be2 Be7 8. O-O
O-O 9. Bd2 Nbd7 10. Rfc1 dxc4 11. Bxc4 Rfd8 12. Be1 Nf8 13. h3 h6 14. Ne5 Bd6
15. Qxb6 axb6 16. Bd3 Bxe5 17. Bxf5 Bxd4 18. Ne4 exf5 19. Nxf6+ Bxf6 0-1

[Event "Befana SSM B"]
[Site "Milano ITA"]
[Date "2014.01.06"]
[Round "6"]
[White "Ragoso, Mario"]
[Black "Murli, Almerico"]
[WhiteElo "1633"]
[BlackElo "1804"]
[Result "1-0"]
[PlyCount "76"]
[EventDate "2014.01.02"]

1. e4 g6 2. d4 Bg7 3. c4 d6 4. Be2 Nf6 5. Nc3 O-O 6. Nf3 e5 7. O-O Nc6 8. d5
Ne7 9. Ne1 Nd7 10. Be3 f5 11. f3 f4 12. Bf2 g5 13. Nd3 Nf6 14. c5 Ng6 15. Rc1
Rf7 16. cxd6 cxd6 17. Nb5 a6 18. Na3 b5 19. Nb4 h5 20. Nc6 Qe8 21. Qd2 g4 22.
Qa5 g3 23. hxg3 fxg3 24. Bxg3 h4 25. Bf2 Nf4 26. Bxb5 axb5 27. Qxa8 Ne2+ 28.
Kh2 Nxc1 29. Rxc1 Bh6 30. Ne7+ Qxe7 31. Rxc8+ Kg7 32. Nxb5 Kg6 33. Rd8 Ng4+ 34.
fxg4 Rxf2 35. Rg8+ Kf7 36. Nxd6+ Kf6 37. Qc6 Bf4+ 38. Kg1 Qa7 1-0

[Event "Befana SSM B"]
[Site "Milano ITA"]
[Date "2014.01.06"]
[Round "6"]
[White "Riboldi, Raffaele"]
[Black "Rossi, Giampiero"]
[WhiteElo "1895"]
[BlackElo "1877"]
[Result "1/2-1/2"]
[PlyCount "33"]
[EventDate "2014.01.02"]

1. d4 d5 2. c4 e6 3. Nc3 c6 4. cxd5 exd5 5. Bf4 Bf5 6. e3 Nf6 7. Bd3 Bxd3 8.
Qxd3 Nbd7 9. Nge2 Be7 10. Ng3 O-O 11. O-O Re8 12. Rab1 Nf8 13. b4 a6 14. a4 Ng6
15. Bg5 Ne4 16. Bxe7 Qxe7 17. Ngxe4 1/2-1/2

[Event "Befana SSM B"]
[Site "Milano ITA"]
[Date "2014.01.06"]
[Round "6"]
[White "Rossini, Fulvio"]
[Black "Casartelli, Fabio"]
[WhiteElo "1766"]
[BlackElo "1848"]
[Result "1-0"]
[PlyCount "51"]
[EventDate "2014.01.02"]

1. e4 e5 2. Bc4 Nf6 3. Nc3 Be7 4. d3 O-O 5. Nge2 c6 6. f4 d5 7. fxe5 dxc4 8.
exf6 Bxf6 9. d4 b5 10. a3 Bg4 11. e5 Bh4+ 12. g3 Bg5 13. O-O Nd7 14. Bf4 Qe7
15. Ne4 Bxf4 16. Rxf4 h5 17. c3 Rad8 18. Qc2 f6 19. exf6 Nxf6 20. Nxf6+ Rxf6
21. Rxf6 Qxf6 22. Rf1 Qe6 23. Nf4 Qe3+ 24. Qf2 Qe4 25. h3 Be6 26. Re1 1-0

[Event "Befana SSM B"]
[Site "Milano ITA"]
[Date "2014.01.06"]
[Round "7"]
[White "Cagnotto, Marco"]
[Black "Primerano, Carlo"]
[WhiteElo "1514"]
[BlackElo "1737"]
[Result "0-1"]
[PlyCount "42"]
[EventDate "2014.01.02"]

1. e4 c5 2. Nc3 e6 3. g3 Nc6 4. Bg2 g6 5. d3 Bg7 6. Nge2 Nge7 7. O-O O-O 8. Be3
Nd4 9. Qd2 Rb8 10. Bh6 Bxh6 11. Qxh6 Nxc2 12. Rac1 Nd4 13. Nxd4 cxd4 14. Ne2 e5
15. f4 f6 16. Rf2 d6 17. Rcf1 f5 18. exf5 Nxf5 19. Bd5+ Kh8 20. Qg5 Ne3 21.
fxe5 Nxf1 0-1

[Event "Befana SSM B"]
[Site "Milano ITA"]
[Date "2014.01.06"]
[Round "7"]
[White "Canciani, Alberto"]
[Black "Papa, Angelo"]
[WhiteElo "1598"]
[BlackElo "1760"]
[Result "1-0"]
[PlyCount "71"]
[EventDate "2014.01.02"]

1. e4 g6 2. c4 Bg7 3. d4 d6 4. Nc3 Nf6 5. h3 O-O 6. Nf3 e5 7. d5 Nbd7 8. Be3
Nc5 9. Qc2 a5 10. Be2 b6 11. Nd2 Ne8 12. g4 f5 13. Bxc5 bxc5 14. O-O-O f4 15.
Nf3 Nf6 16. a4 Bd7 17. Nb5 Qb8 18. Bd3 h6 19. g5 hxg5 20. Nxg5 Nh7 21. Nxh7
Kxh7 22. f3 Rh8 23. Qg2 Be8 24. Qg5 Bxb5 25. cxb5 Qf8 26. Rdg1 Qf6 27. Qg4 Bh6
28. b3 Kg7 29. Bf1 Kf7 30. h4 Rag8 31. Bh3 Ke7 32. Qd7+ Kf8 33. Be6 Qe7 34.
Qc8+ Kg7 35. Bxg8 Rxg8 36. Rxg6+ 1-0

[Event "Befana SSM B"]
[Site "Milano ITA"]
[Date "2014.01.06"]
[Round "7"]
[White "Carli, Federico"]
[Black "Quagliarella, Sabino Remo"]
[WhiteElo "1529"]
[BlackElo "1882"]
[Result "0-1"]
[PlyCount "32"]
[EventDate "2014.01.02"]

1. e4 c5 2. c3 d6 3. d4 Nf6 4. Bd3 Nc6 5. Nf3 Bg4 6. Be3 Qb6 7. Bc2 Bxf3 8.
gxf3 Qxb2 9. Bb3 Qxa1 10. Qc2 cxd4 11. Bc1 dxc3 12. Ba4 Rc8 13. Nxc3 Kd8 14.
O-O Nd4 15. Bb2 Qxf1+ 16. Kxf1 Nxc2 0-1

[Event "Befana SSM B"]
[Site "Milano ITA"]
[Date "2014.01.06"]
[Round "7"]
[White "Casartelli, Fabio"]
[Black "Lavorgna, Filippo"]
[WhiteElo "1848"]
[BlackElo "1725"]
[Result "1/2-1/2"]
[PlyCount "120"]
[EventDate "2014.01.02"]

1. d4 Nf6 2. Nf3 g6 3. Nbd2 Bg7 4. c4 d6 5. b3 c5 6. e3 Nc6 7. Bb2 O-O 8. Be2
Qc7 9. O-O Bd7 10. d5 Ne5 11. Nxe5 dxe5 12. Qc2 e6 13. e4 exd5 14. cxd5 b5 15.
Rac1 Rfc8 16. Rfd1 Ne8 17. Nf3 f6 18. Qd2 Nd6 19. Qe3 Qb6 20. Ba3 b4 21. Bb2 a5
22. Ne1 a4 23. Nd3 Ra5 24. a3 bxa3 25. Bxa3 Qxb3 26. Bxc5 Nc4 27. Qg3 Qa2 28.
Bf1 Raxc5 29. Nxc5 Rxc5 30. Qc3 Bb5 31. Rb1 Qa3 32. Rdc1 Qxc3 33. Rxc3 Bh6 34.
Rxb5 Rxb5 35. Rxc4 Ra5 36. Rc2 a3 37. Ra2 Kf7 38. g3 Ke7 39. Bc4 Kd6 40. Kf1
Bc1 41. Rc2 Bb2 42. Ba2 Rc5 43. Rxc5 Kxc5 44. Ke2 Kd4 45. d6 Bc3 46. f3 Ba5 47.
Bd5 Kc3 48. f4 Kb2 49. Kd3 a2 50. Bxa2 Kxa2 51. fxe5 fxe5 52. Kc4 Bd8 53. Kd5
Kb3 54. Kxe5 Kc4 55. Ke6 Kd4 56. e5 Ke4 57. d7 Bc7 58. g4 g5 59. Kf6 Bd8+ 60.
Ke6 Bc7 1/2-1/2

[Event "Befana SSM B"]
[Site "Milano ITA"]
[Date "2014.01.06"]
[Round "7"]
[White "Deghi, Donatello"]
[Black "Mingolla, Patrizio"]
[WhiteElo "1815"]
[BlackElo "1624"]
[Result "1/2-1/2"]
[PlyCount "119"]
[EventDate "2014.01.02"]

1. d4 d5 2. c4 c6 3. e3 Nf6 4. Nc3 e6 5. Nf3 Bd6 6. Bd3 O-O 7. O-O Nbd7 8. cxd5
exd5 9. Qc2 Re8 10. a3 Nf8 11. b4 Bg4 12. b5 Bxf3 13. gxf3 Ng6 14. bxc6 bxc6
15. Bxg6 fxg6 16. Kg2 Nh5 17. Rh1 Qd7 18. Ne2 Rf8 19. Ng3 Nxg3 20. hxg3 Rac8
21. Bb2 Qf7 22. f4 Qf5 23. Qxf5 gxf5 24. Rhc1 Rfe8 25. a4 Kf7 26. a5 a6 27. Ba3
Ke6 28. Kf3 h5 29. Ke2 g6 30. f3 Bxa3 31. Rxa3 Kd6 32. g4 fxg4 33. fxg4 hxg4
34. Rg1 Re6 35. Rb3 Rce8 36. Kd2 Rh8 37. Rxg4 Rh2+ 38. Ke1 Ra2 39. Rh4 Rxa5 40.
Kf2 Rb5 41. Ra3 a5 42. Kf3 c5 43. dxc5+ Kxc5 44. Rc3+ Kd6 45. Rh7 Re7 46. Rh6
Re6 47. Rh8 Rb7 48. Rd8+ Rd7 49. Ra8 Ke7 50. Rxa5 Kf6 51. Rd3 Red6 52. Ra1 g5
53. Rg1 gxf4 54. exf4 Rh7 55. Rg3 Rh6 56. Ke3 Re6+ 57. Kd4 Re4+ 58. Kxd5 Rxf4
59. Rge3 Rh5+ 60. Kd6 1/2-1/2